Responses for show #7416 - Monday, December 5, 2016

Tim Aten game 2.

Contestants

Matthew Martinez, a draft equipment salesman from San Antonio, Texas

Yi Deng, a subrights assistant from Jersey City, New Jersey

Tim Aten, an editor from Vermilion, Ohio (whose 1-day cash winnings total $35,000)

Jeopardy! Round responses

HOLIDAY ALBUMS
CLASSIC MONOPOLY
LITERARY CHARACTERS
MOTTOES
19th CENTURY AMERICA
NAME THAT NOUN
    $200 1
The Beach Boys

Matthew
    $200 3
Boardwalk

Tim
    $200 5
Don Quixote

Tim
    $200 26
(Alex: Less than a minute now to deal with those last 4 clues.)

justice for all

Triple Stumper
    $200 24
Johnny Appleseed

Matthew
    $200 16
ridge

Yi
    $400 2
the Robertsons

Tim
    $400 4
Marvin Gardens

Matthew
    $1,400 13
(Yi: Who is Frankenstein's monster?)

Tarzan

Yi
    $400 25
E pluribus unum

Matthew
    $400 30
1865

Yi
    $400 17
toadstool

Yi
    $600 9
Pentatonix

Tim
    $600 6
$75

Tim
    $600 12
The Turn of the Screw

Yi
    $600 21
be prepared

Tim
    $600 29
root beer

Matthew
    $600 18
baboon

Matthew
    $800 10
Phil Spector

Triple Stumper
    $800 7
(Matthew: What is Ohio Avenue?)

Illinois

YiMatthew
    $800 14
(Phileas) Fogg

Tim
    $800 22
(Matthew: What is courage?)
(Yi: What is bravery?)

duty, honor, country

YiMatthew
Triple Stumper
    $800 27
insanity

Yi
    $800 19
zydeco

Matthew
    $1000 11
the Trans-Siberian Orchestra

Matthew
    $1000 8
Mediterranean

Tim
    $1000 15
(Tim: Who is Renfield?)

Professor Van Helsing

Tim
Triple Stumper
    $1000 23
Pennsylvania

Triple Stumper
    $1000 28
Winfield Scott

Yi
    $1000 20
a gable

Matthew

Scores at the first commercial break (after clue 15):

Tim Yi Matthew
$2,800 $0 $800

Scores at the end of the Jeopardy! Round:

Tim Yi Matthew
$3,400 $2,000 $3,600

Double Jeopardy! Round responses

YOU, SIR, ARE AN IMPASTO
TOUGH 3-LETTER WORDS
THE SPACE RACE
GOING TO THE DOG'S BREED
VOLCANOES
WHO "AR" THEY?
    $400 1
portraits

Tim
    $400 14
eke

Matthew
    $400 29
John F. Kennedy

Matthew
    $400 30
a beagle

Matthew
    $400 2
Mount St. Helens

Matthew
    $400 7
(Matthew: Who is Aristotle?)

Archimedes

YiMatthew
    $800 12
Indonesia

Yi
    $800 15
bog

Tim
    $800 19
Yuri Gagarin

Matthew
    $800 26
a collie

Yi
    $800 3
Norway

Yi
    $800 8
Yasser Arafat

Triple Stumper
    $1200 13
Jackson Pollock

Matthew
    $1200 16
lye

Matthew
    $1200 20
Gemini

Matthew
    $1200 23
a Great Dane

Tim
    $1200 4
Etna

Tim
    $1200 9
(Roscoe "Fatty") Arbuckle

Tim
    $1600 27
(Matthew: Who is Rembrandt?)

Vermeer

YiMatthew
    $1600 17
lux

Yi
    $1600 21
Soyuz 1

Triple Stumper
    $1600 24
a chihuahua

Tim
    $3,000 5
(Tim: What is Guam?)

American Samoa

Tim
    $1600 10
Elizabeth Arden

Triple Stumper
    $2000 28
Monet

Yi
    $2000 18
vig

Matthew
    $4,000 22
(Matthew: Who is Cooper?)

James Lovell

Matthew
    $2000 25
a golden retriever

Matthew
    $2000 6
the Caucasus

Triple Stumper
    $2000 11
Diane Arbus

Yi

Scores at the end of the Double Jeopardy! Round:

Tim Yi Matthew
$6,800 $12,000 $7,600

[wagering suggestions for these scores]

Final Jeopardy! Round responses

NAME'S THE SAME
(Alex: If you are Harry Potter fans, this would have been a fairly easy clue for you, I think.)
TimWhat is Hermione?
$6,000
MatthewWhat is Ajax?
$7,600
YiWhat is Leto
$3,300
Hermione

Final scores:

Tim Yi Matthew
$12,800 $8,700 $0
2-day champion: $47,800 2nd place: $2,000 3rd place: $1,000

Game dynamics:

Coryat scores:

Tim Yi Matthew
$9,800 $13,400 $11,600
14 R,
2 W
(including 1 DD)
15 R,
2 W
(including 1 DD)
19 R,
5 W
(including 1 DD)

Combined Coryat: $34,800

The J! Archive is created by fans, for fans. The Jeopardy! game show and all elements thereof, including but not limited to copyright and trademark thereto, are the property of Jeopardy Productions, Inc. and are protected under law. This website is not affiliated with, sponsored by, or operated by Jeopardy Productions, Inc. Join the discussion at JBoard.tv.